| 000 | 00878nam0a22002531 4500 | ||
|---|---|---|---|
| 001 | rc\2620443 | ||
| 005 | 20250623141922.0 | ||
| 035 | _a(NLR Aleph) 006784139 | ||
| 090 |
_a6075526 _c6075526 |
||
| 100 | _a20110914d1931 |||y0rusy50 ca | ||
| 101 | 0 | _arus | |
| 102 | _aRU | ||
| 105 | _ay e ||||| | ||
| 200 | 1 |
_aКарманный узбекско-русский словарь _fМ. Богданова _gПод ред. Ильбека Бердиева |
|
| 210 |
_aТашкент _cПролетстуд _d1931 |
||
| 215 |
_aXVIII, 268 с. _d13 см. |
||
| 300 | _aНа обл.: Изд-во РИО САБ ВЦСПС | ||
| 700 | 1 |
_aБогданова _bМ.И. _f1908-1969 _gМедина Искандеровна |
|
| 702 | 1 |
_aБердиев _bИ. _gИльбек _4340 |
|
| 801 | 0 |
_aRU _bNLR _gpsbo |
|
| 801 | 1 |
_aRU _bELAR _2rusmarc |
|
| 852 |
_aNLR _j31-1/1709 |
||
| 942 | _cBOOK | ||
| 980 | _aNB | ||